| 000 | 00357nam a2200145Ia 4500 | ||
|---|---|---|---|
| 008 | 100122s9999 xx 000 0 und d | ||
| 082 |
_b44310 _a823 |
||
| 100 | _aSHELDON SIDNEY | ||
| 245 | _aMEMORIES OF MIDNIGHT | ||
| 260 |
_bRUPA & COMPANY _c1990 |
||
| 300 | _a291 | ||
| 630 | _aMEMORIES OF MIDNIGHT | ||
| 730 | _aMEMORIES OF MIDNIGHT | ||
| 942 | _cBOOK | ||
| 999 |
_c373386 _d373383 |
||